Jaguares góticos /
José Ricardo Chaves (1958-) nació en San José, Costa Rica. Ha publicado las obras: La mujer oculta (1984), Los susurros de Perseo (1994), Cuentos tropigóticos (1997), Los hijos de Cibeles, Cultura y sexualidad en la literatura de fin de siglo XIX (1997), Paisaje con tumbas pintadas en rosa (1998), C...
Shranjeno v:
| Glavni avtor: | |
|---|---|
| Format: | Knjiga |
| Jezik: | španščina |
| Izdano: |
México :
Libros del Umbral,
2003, c2003
|
| Serija: | (El Ahuejote)
|
| Teme: | |
| Oznake: |
Brez oznak, prvi označite!
|
MARC
| LEADER | 00000nam^a2200000^a^4500 | ||
|---|---|---|---|
| 001 | 000154340 | ||
| 005 | 20250521000000.0 | ||
| 009 | 20260310100351.055 | ||
| 020 | |a 968-5115-36-2 | ||
| 037 | |a Acervo ITESO - Biblioteca | ||
| 041 | |a ESP | ||
| 082 | |a 863. |b CHA | ||
| 100 | |a Chaves, José Ricardo |e (autor) | ||
| 245 | 1 | 0 | |a Jaguares góticos / |c J.R. Chaves. |
| 264 | 4 | |a México : |b Libros del Umbral, |c 2003, c2003 | |
| 300 | |a 134 p. | ||
| 336 | |a texto |b txt |2 rdacontenido | ||
| 337 | |a sin mediación |b n |2 rdamedio | ||
| 338 | |a volumen |b nc |2 rdasoporte | ||
| 440 | 4 | |a (El Ahuejote) | |
| 520 | |a José Ricardo Chaves (1958-) nació en San José, Costa Rica. Ha publicado las obras: La mujer oculta (1984), Los susurros de Perseo (1994), Cuentos tropigóticos (1997), Los hijos de Cibeles, Cultura y sexualidad en la literatura de fin de siglo XIX (1997), Paisaje con tumbas pintadas en rosa (1998), Casa en el árbol (2000), El castillo de lo inconsciente, y Antología de literatura fantástica de Amado Nervo (2000). | ||
| 649 | |a XX | ||
| 650 | |a Cuentos Costarricenses | ||
| 650 | |a Literatura Costarricense - |y Siglo XX | ||
| 910 | |a Fondo General | ||
| 920 | |a Impresos - Libros | ||
| 930 | |a Colección General | ||
| 940 | |a Literatura | ||
| 905 | |a 101 | ||
| 901 | |a 0500085871 |b IT1 |c LIT |u 20250521 | ||
| 902 | |a https://opac.biblio.iteso.mx/vufind/Record/000154340 | ||